00703nam a2200253 a 4500001001300000003000900013005001700022008004100039020002300080082001700103100001500120245005800135260003400193300000900227500003500236505001000271650001700281650000800298700001500306902000800321942000700329952009800336999001500434nice12345678IN_TiNIC20260116012324.0050524s1972 haga grp 000 0 eng  a9024732 c10000a211.092bPAX aPax, Clyde aExistential Approach to Godb Study of Gabriel Marcel aHaguebMartinus Nijhoffc1972 a118p aincludes index and biblioraphy2 aIndex aTheology-God aGod1 aPax, Clyde bSRS cBK 00104070aHMIbHMId2007-07-31g100.00l0o211.092 PAXp014844r2007-07-31w2026-01-16yEB c6550d6550